| 000 | 00751cam a2200229 a 4500 | ||
|---|---|---|---|
| 001 | 1981559 | ||
| 005 | 20180112065358.0 | ||
| 008 | 890202s1989 nyu 001 0aeng | ||
| 010 | _a 89030819 | ||
| 020 |
_a0393027503 : _c$18.95 ($22.95 Can.) |
||
| 040 |
_aDLC _cDLC _dDLC |
||
| 041 | _aeng | ||
| 043 | _an-us--- | ||
| 080 | _a332.620973 MIC | ||
| 082 | 0 | 0 |
_a332.620973 MIC _219 |
| 100 | 1 | _a21 | |
| 101 | _aPOL | ||
| 245 | 1 | 0 |
_aLiar's poker : _cMichael Lewis. |
| 906 |
_a7 _bcbc _corignew _d1 _eocip _f19 _gy-gencatlg |
||
| 942 |
_2ddc _cBK |
||
| 999 |
_c40205 _d40205 |
||